000 00406nam a2200157 a 4500
001 000031552
003 DO-SdBNP
005 20210630095240.0
008 110627s2004 dr 000 0 spa d
040 _aDO-SdBNP
_bspa
_cBNPHU
049 _aBNPD
245 0 0 _aBosquejo biográfico de Joaquín Balaguer.
260 _a[Santo Domingo] :
_b[s.n.],
_c[199?].
300 _a4 p. ;
_c21 cm.
942 _2ddc
_cLBS1
999 _c31044
_d31044